Cities and Towns in Norfolk County, MA - Statistics

General Stats
  • This quiz has been taken 57 times
    56 since last reset
  • The average score is 18 of 28
Answer Stats
Letter Answer % Correct
M Milton
88%
S Stoughton
88%
F Franklin
88%
W Westwood
88%
B Bellingham
75%
F Foxborough
75%
M Medfield
75%
N Needham
75%
N Norfolk
75%
B Braintree
75%
Q Quincy
75%
W Weymouth
75%
W Wrentham
75%
D Dedham*
63%
M Medway
63%
N Norwood
63%
S Sharon
63%
W Wellesley
63%
A Avon
50%
C Canton
50%
C Cohasset
50%
H Holbrook
50%
M Millis
50%
P Plainville
50%
R Randolph
50%
W Walpole
50%
B Brookline
38%
D Dover
38%
No matching quizzes found
Score Distribution
Percent of People with Each Score
Percentile by Number Answered
Your Score History
You have not taken this quiz since the last reset